The law of land acquisition and compensation / (Record no. 3106)

MARC details
000 -LEADER
fixed length control field 00883cam a2200289 i 4500
001 - CONTROL NUMBER
control field 1824097
003 - CONTROL NUMBER IDENTIFIER
control field OSt
005 - DATE AND TIME OF LATEST TRANSACTION
control field 20230629141651.0
008 - FIXED-LENGTH DATA ELEMENTS--GENERAL INFORMATION
fixed length control field 791004s1979 ii cf 001 0 eng
010 ## - LIBRARY OF CONGRESS CONTROL NUMBER
LC control number 79901799
Canceled/invalid LC control number 79124842
020 ## - INTERNATIONAL STANDARD BOOK NUMBER
Terms of availability Rs120.00 per set.
040 ## - CATALOGING SOURCE
Original cataloging agency DLC
Transcribing agency DLC
Modifying agency DLC
043 ## - GEOGRAPHIC AREA CODE
Geographic area code a-ii---
082 00 - DEWEY DECIMAL CLASSIFICATION NUMBER
Classification number 343.04
Item number ROW
110 1# - MAIN ENTRY--CORPORATE NAME
Corporate name or jurisdiction name as entry element India.
240 10 - UNIFORM TITLE
Uniform title Land Acquisition Act, 1894
245 04 - TITLE STATEMENT
Title The law of land acquisition and compensation /
Statement of responsibility, etc. V. G. Ramachandran.
250 ## - EDITION STATEMENT
Edition statement 6th ed.
260 ## - PUBLICATION, DISTRIBUTION, ETC. (IMPRINT)
Place of publication, distribution, etc. Lucknow :
Name of publisher, distributor, etc. Eastern Book Co.,
Date of publication, distribution, etc. 1979.
300 ## - PHYSICAL DESCRIPTION
Extent 2 v. (xxiv, 1883 p., [1] leaf of plates) :
Other physical details port. ;
Dimensions 25 cm.
500 ## - GENERAL NOTE
General note Includes index.
650 #0 - SUBJECT ADDED ENTRY--TOPICAL TERM
Topical term or geographic name as entry element Eminent domain
Geographic subdivision India.
700 1# - ADDED ENTRY--PERSONAL NAME
Personal name Ramachandran, V. G.
Fuller form of name (Velandai Gopalayyar)
906 ## - LOCAL DATA ELEMENT F, LDF (RLIN)
a 7
b cbc
c orignew
d 3
e ncip
f 19
g y-gencatlg
942 ## - ADDED ENTRY ELEMENTS (KOHA)
Source of classification or shelving scheme Dewey Decimal Classification
Koha item type Books
Holdings
Withdrawn status Lost status Source of classification or shelving scheme Damaged status Not for loan Home library Current library Date acquired Total Checkouts Full call number Barcode Date last seen Price effective from Koha item type
    Dewey Decimal Classification     County Hall Archives County Hall Archives 06/29/2023   343.04 ROW 10002139 06/29/2023 06/29/2023 Books
LIBRARY OPENING HOURS

When the Parliament is sitting: 8.00a.m - 7.00p.m or until the house adjourns
Mondays and Fridays and when the House is on Recess:  8.00a.m - 5.00p.m
Closed on Weekends and Public Holidays

Online Public Access Catalog (OPAC)
Website: http://www.parliament.go.ke
Bunge Library: https://libraryir.parliament.go.ke
Contact: library@parliament.go.ke | Tel no: (254-2)2221291 or 2848000 Ext 5043